Advertising : (Record no. 6957)
[ view plain ]
| 000 -LEADER | |
|---|---|
| fixed length control field | 00718nam a22002417a 4500 |
| 001 - CONTROL NUMBER | |
| control field | 8603 |
| 003 - CONTROL NUMBER IDENTIFIER | |
| control field | BD-DhUAP |
| 005 - DATE AND TIME OF LATEST TRANSACTION | |
| control field | 20210119100449.0 |
| 008 - FIXED-LENGTH DATA ELEMENTS--GENERAL INFORMATION | |
| fixed length control field | 210111s2003 ii a|||| |||| 001 0 eng d |
| 020 ## - INTERNATIONAL STANDARD BOOK NUMBER | |
| International Standard Book Number | 8129700638 |
| 040 ## - CATALOGING SOURCE | |
| Original cataloging agency | BD-DhUAP |
| Language of cataloging | Eng |
| Transcribing agency | BD-DhUAP |
| Modifying agency | BD-DhUAP |
| 082 ## - DEWEY DECIMAL CLASSIFICATION NUMBER | |
| Edition number | 23 |
| Classification number | 659.1 WEL |
| 100 ## - MAIN ENTRY--PERSONAL NAME | |
| Personal name | Wells, William. |
| 245 ## - TITLE STATEMENT | |
| Title | Advertising : |
| Remainder of title | principles & practice / |
| Statement of responsibility, etc. | William Wells, John Burnett and Sandra E. Moriarty. |
| 250 ## - EDITION STATEMENT | |
| Edition statement | 6th ed. |
| 260 ## - PUBLICATION, DISTRIBUTION, ETC. | |
| Place of publication, distribution, etc. | Singapore : |
| Name of publisher, distributor, etc. | Pearson Education, |
| Date of publication, distribution, etc. | c2003. |
| 300 ## - PHYSICAL DESCRIPTION | |
| Extent | xxxii, 589 pages : |
| Other physical details | illustrations ; |
| Dimensions | 25 cm. |
| 500 ## - GENERAL NOTE | |
| General note | Includes index. |
| 650 ## - SUBJECT ADDED ENTRY--TOPICAL TERM | |
| Topical term or geographic name entry element | Advertising. |
| 700 ## - ADDED ENTRY--PERSONAL NAME | |
| Personal name | Burnett, John. |
| 700 ## - ADDED ENTRY--PERSONAL NAME | |
| Personal name | Moriarty, Sandra E. |
| 942 ## - ADDED ENTRY ELEMENTS (KOHA) | |
| Source of classification or shelving scheme | |
| Koha item type | Book |
| Withdrawn status | Lost status | Source of classification or shelving scheme | Damaged status | Not for loan | Permanent Location | Current Location | Shelving location | Date acquired | Full call number | Barcode | Date last seen | Copy number | Price effective from | Koha item type |
|---|---|---|---|---|---|---|---|---|---|---|---|---|---|---|
| DBA Seminar Library | DBA Seminar Library | Reserve Stacks | 2021-01-11 | 659.1 WEL | 3010008603 | 2021-01-11 | 1 | 2021-01-11 | Book | |||||
| DBA Seminar Library | DBA Seminar Library | Reserve Stacks | 2021-01-11 | 659.1 WEL | 3010008602 | 2021-01-11 | 2 | 2021-01-11 | Book | |||||
| DBA Seminar Library | DBA Seminar Library | Reserve Stacks | 2021-01-11 | 659.1 WEL | 3010008605 | 2021-01-11 | 3 | 2021-01-11 | Book | |||||
| DBA Seminar Library | DBA Seminar Library | Reserve Stacks | 2021-01-11 | 659.1 WEL | 3010008604 | 2021-01-11 | 4 | 2021-01-11 | Book | |||||
| DBA Seminar Library | DBA Seminar Library | Reserve Stacks | 2021-01-12 | 659.1 WEL | 3010007506 | 2021-01-12 | 5 | 2021-01-12 | Book | |||||
| DBA Seminar Library | DBA Seminar Library | Reserve Stacks | 2021-01-12 | 659.1 WEL | 3010007504 | 2021-01-12 | 6 | 2021-01-12 | Book | |||||
| DBA Seminar Library | DBA Seminar Library | Reserve Stacks | 2021-01-12 | 659.1 WEL | 3010007505 | 2021-01-12 | 7 | 2021-01-12 | Book | |||||
| DBA Seminar Library | DBA Seminar Library | Reserve Stacks | 2021-01-12 | 659.1 WEL | 3010007503 | 2021-01-12 | 8 | 2021-01-12 | Book | |||||
| DBA Seminar Library | DBA Seminar Library | Reserve Stacks | 2021-01-12 | 659.1 WEL | 3010007507 | 2021-01-12 | 9 | 2021-01-12 | Book | |||||
| UAP Central Library | UAP Central Library | Reserve Stacks | 2021-01-30 | 659.1 WEL | 3010008584 | 2021-01-30 | 10 | 2021-01-30 | Book | |||||
| UAP Central Library | UAP Central Library | Reserve Stacks | 2021-01-30 | 659.1 WEL | 3010008582 | 2021-01-30 | 11 | 2021-01-30 | Book | |||||
| UAP Central Library | UAP Central Library | Reserve Stacks | 2021-01-30 | 659.1 WEL | 3010008586 | 2021-01-30 | 12 | 2021-01-30 | Book | |||||
| UAP Central Library | UAP Central Library | Reserve Stacks | 2021-01-30 | 659.1 WEL | 3010008606 | 2021-01-30 | 13 | 2021-01-30 | Book | |||||
| UAP Central Library | UAP Central Library | Reserve Stacks | 2021-01-30 | 659.1 WEL | 3010008585 | 2021-01-30 | 14 | 2021-01-30 | Book | |||||
| UAP Central Library | UAP Central Library | Reserve Stacks | 2021-01-30 | 659.1 WEL | 3010008583 | 2021-01-30 | 15 | 2021-01-30 | Book |
Bengali Keyboard